Les 20 villes les plus peuplées du Mexique - Statistiques

Statistiques générales
  • Ce quiz a été pris 137 fois
  • Le résultat moyen est 6 sur 20
Statistiques - réponses
Population Villes % Correct
8 463 906 Mexico
99%
1 600 894 Guadalajara
88%
1 133 070 Monterrey
84%
1 286 187 Tijuana
68%
734 153 Mérida
57%
1 399 519 Puebla
57%
1 137 465 León
34%
748 518 Chihuahua
30%
1 301 452 Juárez
25%
653 046 Mexicali
20%
685 934 San Luis Potosí
18%
663 671 Aguascalientes
15%
1 687 549 Ecatepec
13%
641 791 Hermosillo
9%
1 026 492 Zapopan
7%
1 136 300 Nezahualcóyotl
3%
633 667 Saltillo
3%
691 434 Guadelupe
1%
792 226 Nocalpan
0%
674 417 Tlalnepantla
0%
Aucun quiz correspondant
Distribution des résultats
% des personnes avec chaque résultat
Percentile par nombre de réponses
Votre historique - résultats
Vous n’avez pas pris ce quiz